| 000 | 01019nam a22003137a 4500 | ||
|---|---|---|---|
| 003 | CHAP | ||
| 005 | 20220817041155.0 | ||
| 008 | 971013s1992 r 00010 d | ||
| 010 | _a7933 | ||
| 011 | _a8905 | ||
| 035 | _a8137 | ||
| 040 | _cCHAP | ||
| 082 |
_a630.72 _bC52 |
||
| 110 | _aCentro Internacional de Mejoramiento de Maíz y Trigo | ||
| 245 |
_aInvestigación agrícola internacional _b: los próximos 25 años |
||
| 260 |
_aMéxico, D.F. : _bEl Centro, _c1992 |
||
| 300 | _a141 p. | ||
| 590 |
_aBATCH-UPD _b10 _c20130110 _lUCH01 _h1449 |
||
| 590 |
_aBATCH-UPD _b10 _c20130410 _lUCH01 _h0916 |
||
| 590 |
_aBATCH-UPD _b10 _c20130914 _lUCH01 _h1748 |
||
| 590 |
_aBATCH-UPD _b10 _c20140805 _lUCH01 _h1143 |
||
| 590 |
_aCONVERSION _b10 _c20130109 _lUCH01 _h1305 |
||
| 650 | 1 | 4 |
_aAgricultura _xInvestigación. _91577 |
| 650 | 1 | 4 |
_aMaíz _xInvestigación. _970984 |
| 650 | 1 | 4 |
_aTrigo _xInvestigación. _9115046 |
| 901 | _aBK | ||
| 942 | _cLIBRO | ||
| 949 |
_a630.72 C52 _bBC _cLIBRO _d33724000037669 _eLIBRO _h84010 _i8137 _mD _si |
||
| 999 |
_c7933 _d7933 |
||